| 000 | 00859cam a2200265 4500 | ||
|---|---|---|---|
| 001 | A427 | ||
| 008 | 090401t1994 xxu||||| |||| 00| 0 eng d | ||
| 035 | _a(Sirsi) u95431 | ||
| 041 | _aeng | ||
| 110 |
_aRoyal Institution of Chartered Surveyors _94900 |
||
| 245 | 2 | _aA statutory scheme for local authority land searches; local land charges: computerised searches | |
| 260 |
_bRICS _c1994 |
||
| 300 | _a6p | ||
| 350 | _a3 | ||
| 490 |
_aRICS Memorandum _vGCPPA/Report(94)12 |
||
| 520 | _aA response to a DoE consultation paper and to a Lord Chancellor`s Office consultation paper on local land charges: computerised searches. | ||
| 650 | _aCOMPUTERISED SEARCHES | ||
| 650 | _aCONVEYANCING | ||
| 650 | _aLOCAL SEARCHES | ||
| 650 | _aREFORM | ||
| 650 | _aRICS RESPONSE | ||
| 690 | _aPROPERTY LAW AND PRACTICE | ||
| 942 | _n0 | ||
| 948 | _c04/03/1997 | ||
| 999 |
_c98503 _d98503 |
||